000 00625nam a2200205Ia 4500
005 20230325095733.0
008 131103s9999 xx 000 0 und d
020 _a8187244119
_cRs.50.00
040 _aLoreto College
041 _aEnglish
082 _a891.443
_bCHA
100 _aChattopadhyay,Bankimchandra
245 _aKrishnakanter will
_cBankimchandra Chattopadhyay; edited by Brajendranath Bandyopadhyay and Sajanikanta Das
260 _aCalcutta
_bBangiyo Sahitya Parishat
_c2000
300 _a104p
650 _aBengali fiction
700 _aBandyopadhyay,Brajendranath,ed.
850 _aLCLIB
942 _cBK
999 _c37953
_d88432